| 000 | 00337 a2200145 4500 | ||
|---|---|---|---|
| 040 |
_aDLC _bDLC |
||
| 082 | _a891.4391 | ||
| 100 | _aJohar, Javed Rasool | ||
| 245 |
_aDar-o-rasan _cJaved Rasool Johar |
||
| 260 | _c2006. | ||
| 300 |
_a200p. _c24 cm, |
||
| 500 | _a Includes Index | ||
| 650 | _aUrdu Poetry | ||
| 942 |
_cBK _k891.4391 JOH _2ddc |
||
| 999 |
_c8869 _d8869 |
||